Dibujos de Rosario Weiss (1814-1843) : (Record no. 117513)

MARC details
000 -LEADER
campo de control de longitud fija 01619nam a2200349 i 4500
001 - NÚMERO DE CONTROL
campo de control 117513
003 - IDENTIFICADOR DE NÚMERO DE CONTROL
campo de control ES-MaACL
005 - FECHA Y HORA DE LA ÚLTIMA TRANSACCIÓN
campo de control 20250727144631.0
008 - DATOS DE LONGITUD FIJA--INFORMACIÓN GENERAL
campo de control de longitud fija 211227s2018 sp a s001 0bspa
020 ## - NÚMERO INTERNACIONAL ESTÁNDAR DEL LIBRO
Número Internacional Estándar del Libro 9788415245742
040 ## - FUENTE DE CATALOGACIÓN
Centro/agencia transcriptor ES-MaACL
080 ## - NÚMERO DE LA CLASIFICACIÓN DECIMAL UNIVERSAL
Número de la Clasificación Decimal Universal 74 Weiss, Rosario (083.82)
100 1# - ENTRADA PRINCIPAL--NOMBRE DE PERSONA
Nombre de persona Sánchez Díez, Carlos.
9 (RLIN) 173931
Término indicativo de función/relación Autor
245 10 - MENCIÓN DEL TÍTULO
Título Dibujos de Rosario Weiss (1814-1843) :
Resto del título catálogo razonado /
Mención de responsabilidad, etc. Carlos Sánchez Díez ; [coordinación, realización y producción, Centro de Estudios Europa Hispánica]
260 ## - PUBLICACIÓN, DISTRIBUCIÓN, ETC.
Lugar de publicación, distribución, etc. [Madrid] :
Nombre del editor, distribuidor, etc. Biblioteca Nacional de España :
-- Museo Lázaro Galdiano :
-- Centro de Estudios Europa Hispánica,
Fecha de publicación, distribución, etc. [2018]
300 ## - DESCRIPCIÓN FÍSICA
Extensión 420 páginas :
Otras características físicas ilustraciones (color) ;
Dimensiones 29 cm.
500 ## - NOTA GENERAL
Nota general Índice
500 ## - NOTA GENERAL
Nota general Cronología
500 ## - NOTA GENERAL
Nota general Apéndice documental
504 ## - NOTA DE BIBLIOGRAFÍA, ETC.
Nota de bibliografía, etc. Bibliografía: páginas 388-399.
585 ## - NOTA DE EXPOSICIONES
Nota de exposiciones Catálogo publicado con ocasión de la exposición homónima celebrada en la Biblioteca Nacional de España, Madrid, del 31 de enero al 22 de abril de 2018
600 14 - PUNTO DE ACCESO ADICIONAL DE MATERIA--NOMBRE DE PERSONA
Nombre de persona Weiss, Rosario,
Fechas asociadas al nombre 1814-1843
9 (RLIN) 173932
700 1# - ENTRADA AGREGADA--NOMBRE PERSONAL
Nombre de persona Weiss, Rosario,
Fechas asociadas al nombre 1814-1843
9 (RLIN) 173932
Término indicativo de función/relación Artista
710 2# - ENTRADA AGREGADA--NOMBRE DE ENTIDAD CORPORATIVA
Nombre de entidad corporativa o nombre de jurisdicción como elemento de entrada Biblioteca Nacional de España
Término indicativo de función/relación Sede
9 (RLIN) 234950
710 2# - ENTRADA AGREGADA--NOMBRE DE ENTIDAD CORPORATIVA
Nombre de entidad corporativa o nombre de jurisdicción como elemento de entrada Museo Lázaro Galdiano
9 (RLIN) 220907
Término indicativo de función/relación Editor
710 2# - ENTRADA AGREGADA--NOMBRE DE ENTIDAD CORPORATIVA
Nombre de entidad corporativa o nombre de jurisdicción como elemento de entrada Centro de Estudios Europa Hispánica
9 (RLIN) 137568
Término indicativo de función/relación Editor
852 4# - LOCALIZACIÓN
Ubicación ES-MaACL
Sublocalización o colección R.152103
Ubicación en estantería Depósito 1
Signatura antigua Olim: N-7811
Donativo/Legado Donacion: Biblioteca Nacional de España
Número de control de estantería A-14811
Encuadernación Cartoné
itemnumber 121900
914 ## - NOMBRE ENTIDAD DE DONANTE
Nombre de congreso/reunión o jurisdicción como elemento de entrada Biblioteca Nacional de España
Unidad subordinada Donante
RLIN 234950
942 ## - ELEMENTOS DE ENTRADA SECUNDARIOS (KOHA)
Tipo de ítem Koha Libro impreso
Suprimir en OPAC No
Holdings
Estatus retirado Estado de pérdida Fuente del sistema de clasificación o colocación Estado de daño No para préstamo Biblioteca de origen Biblioteca actual Ubicación en estantería Fecha de adquisición Fuente de adquisición Total de préstamos Signatura topográfica completa Código de barras Visto por última vez Precio de reemplazo Tipo de ítem Koha
    Clasificación decimal universal     Biblioteca del Ateneo de Madrid Biblioteca del Ateneo de Madrid Depósito 1 27/12/2021 Donación   A-14811 1202766 23/02/2023 23/02/2023 Libro impreso